00846nam a2200217Ia 4500008004100000020002200041050002400063245008900087250001100176260004600187300003500233440003900268504002200307650003000329650004200359650004500401650003400446942001200480952011900492999001700611120721s9999 xx 000 0 und d a978-970-24-1029-4 aHF5686.C7 M674 2007 aContabilidad de sociedades b: texto del siglo XXIc/ Joaquín Moreno Fernández. a3a ed. aMéxico b: Grupo editorial patriac2007 axviii, 336 páginasc; 23 cm. aSerie de contabilidad financiera 5 aIncluye índice. aCORPORACIONES -- FINANZAS aSOCIEDADES ANÓNIMAS -- CONTABILIDAD aSOCIEDADES MERCANTÍLES -- CONTABILIDAD aCOMPAÑÍAS -- CONTABILIDAD 2lcccLB 00102lcc4070a21b21d2012-01-04l37oHF5686.C7 M674 2007p21 000585r2024-08-17s2024-08-10t1w2012-07-20yLB c83365d83365